000 00250nam a22001217a 4500
003 SGT
082 _a823.92
_bBLY
100 _aBLYTON GUID
245 _aTHE SECRET SEVEN
260 _aLONDON
_bHODDER PUB
_c2015
300 _a117
942 _2ddc
_cBK
999 _c33861
_d33861